| 000 | 00747cam a22002294a 4500 | ||
|---|---|---|---|
| 001 | 12483501 | ||
| 005 | 20251121103351.0 | ||
| 008 | 010726s2002 njua f 001 0 eng | ||
| 020 | _a0130933554 | ||
| 020 | _a9780130933553 | ||
| 050 | 0 | 0 |
_aTH215 _b.R54 2002 |
| 082 | 0 | 0 |
_a624/.068/3 _221 |
| 100 | 1 | _aRigolosi, Steven A. | |
| 245 | 1 | 0 |
_aApplied communication skills for the construction trades / _cSteven A. Rigolosi. |
| 260 |
_aUpper Saddle River, N.J. : _bPrentice Hall, _cc2002. |
||
| 300 |
_axiv, 367 p. : _bill. ; _c28 cm. |
||
| 500 | _aIncludes index. | ||
| 650 | 0 | _aCommunication in the building trades. | |
| 650 | 0 |
_aBuilding trades _xEmployees _vLife skills guides. |
|
| 650 | 0 |
_aBuilding _xVocational guidance. |
|
| 942 |
_2lcc _cBK _n0 |
||
| 999 |
_c8286 _d8286 |
||